000 01359nam a22001577a 4500
041 _aukr
080 _a09
090 _bГРИ
100 _aГрибінчик, К. О.
245 _aСемантико-прагматичні особливості англомовних загадок
260 _aОстрог
_bКАФ
_c2014
300 _a87
520 _aВступ. Розділ І. Особливості семантичного та прагматичного аспектів аналізу англомовних загадок. 1.1. Структура та семантичні особливості англомовних загадок 1.2. Прагматичний аспект аналізу англомовних загадок Розділ ІІ. Семантичний та прагматичний аналіз англомовних загадок. 2.1. Використання семантичного аспекту для аналізу англомовних загадок 2.2. Використання прагматичного підходу до дослідження англомовних загадок Висновки. Список використаної літератури. Додатки
_0семантичний аналіз, прагматичний аналіз
650 _aResearch Papers
999 _c285407
_d285407
942 _cBK